000 01197nam a2200409 a 4500
003 AR-BaBNM
005 20251128204735.0
008 082120s2002 ||||||||||||||000 | spa||
020 _a84-281-0332-1
040 _cAR-BaBNM
245 0 0 _aAspectos sociales de la educación
250 _a1ª ed.
260 _aBarcelona
_bOikos-tau
_c1976
300 _a317 p.
_bgráfs., tablas
490 0 _aTratado de ciencias pedagógicas
_vv. 10
500 _aContiene referencias bibliográficas
650 4 _aSOCIOLOGIA DE LA EDUCACION
650 4 _aSOCIALIZACION
650 4 _aSISTEMAS ESCOLARES
650 4 _aEDUCACION FAMILIAR
650 4 _aPOBLACION EN EDAD ESCOLAR
650 4 _aESCOLARIDAD OBLIGATORIA
650 4 _aECONOMIA DE LA EDUCACION
650 4 _aPLANIFICACION DE LA EDUCACION
650 4 _aPLANIFICACION ESCOLAR
653 _aMETODOS EDUCATIVOS
700 1 _aIsambert-Jamati, Viviane
700 1 _aBourguignon, Odile
700 1 _aClerc, Paul
700 1 _aEicher, Jean-Claude
700 1 _aThànk-Khoi, Le
700 1 _aRaffestin, André
800 1 _aDebesse, Maurice
_edirector
800 1 _aMialaret, Gastón
_edirector
942 _cBK
998 _cGrace
999 _c8640
_d8640